[Event "FICGS class C 000289 email"]
[Site "FICGS email"]
[Date "2021.02.23"]
[Round "1"]
[White "Higuita, Henry"]
[Black "Vellema, Jelle"]
[Result "0-1"]
[WhiteElo "1717"]
[BlackElo "1901"]
[PlyCount "54"]
[EventDate "2021.??.??"]
[EventType "tourn (corr)"]
[EventRounds "4"]
[SourceTitle "Corr 2022"]
[Source "ChessBase"]
[SourceDate "2021.10.24"]
[SourceVersion "1"]
[SourceVersionDate "2021.10.24"]
[SourceQuality "1"]

1. e4 e6 2. Nf3 d5 3. exd5 exd5 4. d4 Bd6 5. Be2 Nf6 6. a3 Bf5 7. 0-0 0-0 8. Nc3 h6 9. h3 c6 10. Bd3 Bxd3 11. Qxd3 Re8 12. Be3 Nbd7 13. Ne2 Qc7 14. Nc3 Ne4 15. Nd2 Ndf6 16. Ncxe4 Nxe4 17. Nxe4 dxe4 18. Qd2 Re6 19. c4 Rd8 20. Qc3 Rg6 21. c5 Be7 22. f4 f5 23. Rad1 Bf6 24. Qc4+ Qf7 25. Qxf7+ Kxf7 26. Rd2 Rd5 27. Rfd1 Bd8 0-1

[Event "FICGS class C 000289 email"]
[Site "FICGS email"]
[Date "2021.02.23"]
[Round "1"]
[White "Vellema, Jelle"]
[Black "Hilton, Stephen"]
[Result "1-0"]
[WhiteElo "1901"]
[BlackElo "1668"]
[PlyCount "47"]
[EventDate "2021.??.??"]
[EventType "tourn (corr)"]
[EventRounds "4"]
[SourceTitle "Corr 2022"]
[Source "ChessBase"]
[SourceDate "2021.10.24"]
[SourceVersion "1"]
[SourceVersionDate "2021.10.24"]
[SourceQuality "1"]

1. d4 Nf6 2. Nf3 g6 3. e3 Bg7 4. Be2 0-0 5. 0-0 d5 6. b4 a6 7. Bb2 Ne4 8. Nbd2 Nxd2 9. Qxd2 Nd7 10. c4 dxc4 11. Bxc4 Nb6 12. Bb3 Bd7 13. Rac1 Bb5 14. Rfd1 Bc6 15. d5 Ba4 16. Bxa4 Bxb2 17. Qxb2 Nxa4 18. Qc2 Qd7 19. Qxc7 Rfd8 20. e4 Qb5 21. Qxe7 Rd7 22. Qf6 Qb6 23. d6 Rad8 24. Ne5 1-0

[Event "FICGS class C 000336 email"]
[Site "FICGS email"]
[Date "2021.01.26"]
[Round "1"]
[White "Vellema, Jelle"]
[Black "Nemchenko, Valery"]
[Result "1-0"]
[WhiteElo "1901"]
[BlackElo "2001"]
[PlyCount "53"]
[EventDate "2021.??.??"]
[EventType "tourn (corr)"]
[EventRounds "1"]
[SourceTitle "Corr 2022"]
[Source "ChessBase"]
[SourceDate "2021.10.24"]
[SourceVersion "1"]
[SourceVersionDate "2021.10.24"]
[SourceQuality "1"]

1. d4 Nf6 2. Nf3 g6 3. e3 Bg7 4. Be2 0-0 5. 0-0 e6 6. b4 a6 7. Bb2 b6 8. a4 Bb7 9. c4 d6 10. Nc3 Nbd7 11. Qc2 Rc8 12. Rfd1 Qe7 13. Ba3 c5 14. dxc5 bxc5 15. b5 Nb6 16. Rab1 axb5 17. Rxb5 Nfd7 18. a5 Bc6 19. axb6 Bxb5 20. Nxb5 Nxb6 21. Rxd6 Qb7 22. Ng5 h6 23. Ne4 Be5 24. f4 Bxd6 25. Nf6+ Kg7 26. Nxd6 Qc7 27. Qc3 1-0

[Event "FICGS class C 000329 email"]
[Site "FICGS email"]
[Date "2020.08.13"]
[Round "1"]
[White "Chernov, Andrey"]
[Black "Vellema, Jelle"]
[Result "0-1"]
[WhiteElo "1800"]
[BlackElo "1870"]
[PlyCount "34"]
[EventDate "2020.??.??"]
[EventType "tourn (corr)"]
[EventRounds "1"]
[SourceTitle "Corr 2022"]
[Source "ChessBase"]
[SourceDate "2021.10.24"]
[SourceVersion "1"]
[SourceVersionDate "2021.10.24"]
[SourceQuality "1"]

1. e4 e6 2. d4 d5 3. e5 c5 4. c3 Nc6 5. Nf3 Qb6 6. Be2 Nge7 7. 0-0 cxd4 8. cxd4 Nf5 9. Nc3 Ncxd4 10. Nxd4 Qxd4 11. Bb5+ Bd7 12. Bxd7+ Kxd7 13. Qb3 Qb4 14. Qxb4 Bxb4 15. Ne2 Rac8 16. Be3 b6 17. Rac1 Nxe3 0-1

[Event "FICGS class C 000284 email"]
[Site "FICGS email"]
[Date "2020.08.13"]
[Round "1"]
[White "Vellema, Jelle"]
[Black "Csoma, Robert"]
[Result "1-0"]
[WhiteElo "1870"]
[BlackElo "1710"]
[PlyCount "47"]
[EventDate "2020.??.??"]
[EventType "tourn (corr)"]
[EventRounds "4"]
[SourceTitle "Corr 2022"]
[Source "ChessBase"]
[SourceDate "2021.10.24"]
[SourceVersion "1"]
[SourceVersionDate "2021.10.24"]
[SourceQuality "1"]

1. e4 c5 2. Nc3 d6 3. f4 g6 4. Bc4 Bg7 5. Nf3 Nc6 6. 0-0 e6 7. d3 Nge7 8. Qe1 0-0 9. Qh4 d5 10. Bb3 d4 11. Ne2 a6 12. f5 exf5 13. Bh6 fxe4 14. dxe4 Na5 15. Ng5 Nxb3 16. Bxg7 h5 17. Bxf8 Nxa1 18. Nh7 Kxh7 19. Bxe7 Qb6 20. Rxf7+ Kg8 21. Rf6 Qxb2 22. Rxg6+ Kf7 23. Qf6+ Ke8 24. Rg8+ 1-0

[Event "FICGS class C 000321 email"]
[Site "FICGS email"]
[Date "2020.03.28"]
[Round "1"]
[White "Duttagupta, Aniruddha"]
[Black "Vellema, Jelle"]
[Result "1-0"]
[WhiteElo "2072"]
[BlackElo "1878"]
[PlyCount "87"]
[EventDate "2020.??.??"]
[EventType "tourn (corr)"]
[EventRounds "1"]
[SourceTitle "Corr 2022"]
[Source "ChessBase"]
[SourceDate "2021.10.24"]
[SourceVersion "1"]
[SourceVersionDate "2021.10.24"]
[SourceQuality "1"]

1. e4 e6 2. Nf3 d5 3. Nc3 dxe4 4. Nxe4 Nd7 5. d4 Ngf6 6. Nxf6+ Nxf6 7. Bd3 c5 8. Be3 Qc7 9. Qe2 Be7 10. dxc5 Bxc5 11. Bxc5 Qxc5 12. Ne5 0-0 13. 0-0-0 b6 14. g4 g6 15. Rhe1 Bb7 16. g5 Nh5 17. Bc4 Nf4 18. Qe3 Qxe3+ 19. fxe3 Nh3 20. Rd7 Bd5 21. Bd3 Rfd8 22. Re7 Re8 23. Rxe8+ Rxe8 24. e4 Bb7 25. Re3 Nf4 26. Rf3 Nxd3+ 27. cxd3 Rc8+ 28. Kd2 Rc7 29. Rf1 Ba6 30. a4 b5 31. a5 b4 32. Rf3 b3 33. Ke3 Bb5 34. Kd4 Be8 35. Nc4 Kf8 36. e5 Bc6 37. Rh3 Kg7 38. Kc3 h5 39. Kxb3 Bd5 40. Kc3 Rb7 41. b4 Rc7 42. b5 Rc8 43. Kb4 Rc7 44. Rh4 1-0

[Event "FICGS class C 000279 email"]
[Site "FICGS email"]
[Date "2020.03.28"]
[Round "1"]
[White "Trigance, Emile"]
[Black "Vellema, Jelle"]
[Result "0-1"]
[WhiteElo "1657"]
[BlackElo "1878"]
[PlyCount "48"]
[EventDate "2020.??.??"]
[EventType "tourn (corr)"]
[EventRounds "4"]
[SourceTitle "Corr 2022"]
[Source "ChessBase"]
[SourceDate "2021.10.24"]
[SourceVersion "1"]
[SourceVersionDate "2021.10.24"]
[SourceQuality "1"]

1. e4 e6 2. d4 d5 3. Nc3 dxe4 4. Nxe4 Nd7 5. Nf3 Ngf6 6. Nxf6+ Nxf6 7. Bd3 c5 8. 0-0 Be7 9. Bf4 0-0 10. h3 b6 11. c3 Bb7 12. Be3 Qc7 13. dxc5 Bxc5 14. Bxc5 Qxc5 15. Qe2 Rfd8 16. Rad1 Nh5 17. Be4 Ng3 18. Bxh7+ Kxh7 19. Qc2+ Be4 20. Qa4 b5 21. Qb4 Qxb4 22. cxb4 Nxf1 23. Rxf1 Bxf3 24. gxf3 Rac8 0-1

[Event "FICGS class C 000321 email"]
[Site "FICGS email"]
[Date "2020.03.28"]
[Round "1"]
[White "Vellema, Jelle"]
[Black "Gossmann, Ewald J"]
[Result "0-1"]
[WhiteElo "1878"]
[BlackElo "1946"]
[PlyCount "98"]
[EventDate "2020.??.??"]
[EventType "tourn (corr)"]
[EventRounds "1"]
[SourceTitle "Corr 2022"]
[Source "ChessBase"]
[SourceDate "2021.10.24"]
[SourceVersion "1"]
[SourceVersionDate "2021.10.24"]
[SourceQuality "1"]

1. d4 Nf6 2. e3 g6 3. Nf3 Bg7 4. Be2 c5 5. 0-0 0-0 6. c3 b6 7. Nbd2 d5 8. b4 c4 9. Re1 Bb7 10. Bf1 Qc7 11. Ne5 a5 12. b5 Nbd7 13. f4 Nxe5 14. fxe5 Ne4 15. Nxe4 dxe4 16. a4 f6 17. exf6 Rxf6 18. Qe2 Bd5 19. Ba3 Raf8 20. g3 Qd7 21. Bg2 Rf3 22. Rf1 Bh6 23. Bc1 Qg4 24. Rf2 Qe6 25. Rf1 g5 26. Qe1 g4 27. Ra2 R8f6 28. Raf2 Bg7 29. Bd2 Qf5 30. Bc1 h5 31. Bxf3 gxf3 32. Kh1 Rg6 33. Rg1 Bf6 34. Rff1 Kf7 35. Qf2 Be6 36. Bd2 Qd5 37. Ra1 Bh3 38. Be1 h4 39. Qd2 Qf5 40. Bf2 Ke6 41. Qe1 Kd5 42. Rd1 Bg2+ 43. Rxg2 fxg2+ 44. Kg1 h3 45. Rc1 Bg5 46. Rc2 e6 47. Re2 Qf8 48. Ra2 Rf6 49. Qe2 Rxf2 0-1

[Event "FICGS class C 000321 email"]
[Site "FICGS email"]
[Date "2020.03.28"]
[Round "1"]
[White "Voudouris, Nick"]
[Black "Vellema, Jelle"]
[Result "1/2-1/2"]
[WhiteElo "1954"]
[BlackElo "1878"]
[PlyCount "79"]
[EventDate "2020.??.??"]
[EventType "tourn (corr)"]
[EventRounds "1"]
[SourceTitle "Corr 2022"]
[Source "ChessBase"]
[SourceDate "2021.10.24"]
[SourceVersion "1"]
[SourceVersionDate "2021.10.24"]
[SourceQuality "1"]

1. d4 Nf6 2. f4 d5 3. e3 Bf5 4. Bd3 Bxd3 5. Qxd3 c5 6. Nf3 e6 7. 0-0 Nc6 8. c3 Be7 9. Nbd2 0-0 10. Ne5 Qc7 11. b3 Rac8 12. Bb2 Rfd8 13. Rac1 Qb6 14. c4 cxd4 15. exd4 dxc4 16. Ndxc4 Qa6 17. a4 g6 18. Qh3 Nxd4 19. Bxd4 Rxd4 20. Nxf7 Bc5 21. Nh6+ Kg7 22. Kh1 Rf8 23. Ng4 Nxg4 24. Qxg4 Qc6 25. Qg3 Qe4 26. Qc3 b6 27. b4 Be7 28. Rce1 Qd3 29. Qxd3 Rxd3 30. Ne5 Ra3 31. Nc6 Bf6 32. Nxa7 Rxa4 33. Nb5 Rxb4 34. Nc7 Rc8 35. Nxe6+ Kg8 36. h3 Rb2 37. f5 g5 38. Rc1 Rxc1 39. Rxc1 h6 40. g4 1/2-1/2

[Event "FICGS class C 000279 email"]
[Site "FICGS email"]
[Date "2020.03.28"]
[Round "1"]
[White "Wilson, Jaimie"]
[Black "Vellema, Jelle"]
[Result "1-0"]
[WhiteElo "1901"]
[BlackElo "1878"]
[PlyCount "43"]
[EventDate "2020.??.??"]
[EventType "tourn (corr)"]
[EventRounds "4"]
[SourceTitle "Corr 2022"]
[Source "ChessBase"]
[SourceDate "2021.10.24"]
[SourceVersion "1"]
[SourceVersionDate "2021.10.24"]
[SourceQuality "1"]

1. c4 Nf6 2. Nf3 e6 3. g3 d5 4. Bg2 Be7 5. 0-0 0-0 6. b3 Nbd7 7. Bb2 c6 8. d3 b6 9. Nbd2 Bb7 10. e4 Rc8 11. Qe2 c5 12. e5 Ne8 13. h4 a6 14. Rfe1 b5 15. Nh2 Nc7 16. Rad1 Re8 17. Ng4 Ba8 18. h5 h6 19. d4 Nf8 20. dxc5 Bxc5 21. Ne4 Be7 22. Nef6+ 1-0

[Event "FICGS class C 000269 email"]
[Site "FICGS email"]
[Date "2019.04.07"]
[Round "1"]
[White "Trigance, Emile"]
[Black "Vellema, Jelle"]
[Result "0-1"]
[WhiteElo "1798"]
[BlackElo "1879"]
[PlyCount "102"]
[EventDate "2019.??.??"]
[EventType "tourn (corr)"]
[EventRounds "4"]
[SourceTitle "Corr 2022"]
[Source "ChessBase"]
[SourceDate "2021.10.24"]
[SourceVersion "1"]
[SourceVersionDate "2021.10.24"]
[SourceQuality "1"]

1. c4 e6 2. d4 d5 3. Nc3 Nf6 4. Bg5 Be7 5. e3 c6 6. Nf3 Nbd7 7. Bd3 dxc4 8. Bxc4 Nd5 9. Bxe7 Qxe7 10. 0-0 0-0 11. Rc1 N5f6 12. Bd3 e5 13. Qc2 h6 14. Rfe1 Re8 15. e4 Kh8 16. h3 Ng8 17. d5 Qd6 18. dxc6 bxc6 19. Red1 Qf6 20. Na4 Bb7 21. Nc5 Nxc5 22. Qxc5 Qe7 23. Qxe7 Rxe7 24. Rc5 f6 25. Be2 Rc7 26. Rd6 Ne7 27. Rc1 Ng6 28. Rcd1 c5 29. Nd2 Kg8 30. f3 Ne7 31. Bc4+ Kh7 32. Nb3 Nc6 33. Rd7 Rac8 34. Be6 Nd4 35. Nxd4 cxd4 36. Rxc7 Rxc7 37. Bb3 Ba6 38. Kf2 g5 39. Rd2 Kg6 40. Rc2 Rxc2+ 41. Bxc2 Kf7 42. Bd1 Ke7 43. Ke1 Kd6 44. Be2 Bc8 45. b4 Bd7 46. a3 Ba4 47. Kd2 Kc6 48. Ke1 Kb6 49. Bd3 a5 50. Kd2 axb4 51. axb4 Bb5 0-1

[Event "FICGS class C 000269 email"]
[Site "FICGS email"]
[Date "2019.04.07"]
[Round "1"]
[White "Vellema, Jelle"]
[Black "Csoma, Robert"]
[Result "1-0"]
[WhiteElo "1879"]
[BlackElo "1691"]
[PlyCount "143"]
[EventDate "2019.??.??"]
[EventType "tourn (corr)"]
[EventRounds "4"]
[SourceTitle "Corr 2022"]
[Source "ChessBase"]
[SourceDate "2021.10.24"]
[SourceVersion "1"]
[SourceVersionDate "2021.10.24"]
[SourceQuality "1"]

1. d4 f5 2. Nf3 Nf6 3. e3 e6 4. c4 Bb4+ 5. Bd2 Bxd2+ 6. Nbxd2 0-0 7. b4 a5 8. b5 b6 9. Bd3 Bb7 10. c5 c6 11. a4 d6 12. Bc4 d5 13. Be2 Nbd7 14. Rc1 Rc8 15. Nb3 e5 16. 0-0 e4 17. Ng5 Re8 18. Nh3 h6 19. Nf4 Kh7 20. Bh5 Nxh5 21. Qxh5 Qf6 22. Qd1 Qd8 23. cxb6 Qxb6 24. Nc5 Nf6 25. Nh5 Ng8 26. Rb1 Rc7 27. Qd2 Ra8 28. Rfc1 cxb5 29. Rxb5 Qa7 30. Nxb7 Rxb7 31. Rxd5 Ne7 32. Rdc5 Qb6 33. h3 Qb4 34. Qc2 Rab8 35. Qc4 Qxc4 36. R1xc4 Ra8 37. Ng3 Raa7 38. Nxf5 Nxf5 39. Rxf5 Rb4 40. Rfc5 Rab7 41. d5 Kg6 42. d6 Rd7 43. Rxb4 axb4 44. Rb5 Rxd6 45. Rxb4 Kf5 46. Rb5+ Kf6 47. a5 Rd1+ 48. Kh2 Rd2 49. Kg3 Ra2 50. Rb6+ Ke5 51. a6 Kf5 52. Rb5+ Ke6 53. Kf4 Ra4 54. Re5+ Kf6 55. Rxe4 Rxa6 56. h4 Ra2 57. Kg3 g5 58. hxg5+ hxg5 59. f4 Rb2 60. Re5 gxf4+ 61. exf4 Rb3+ 62. Kg4 Rb2 63. g3 Rg2 64. Ra5 Rg1 65. Ra6+ Kf7 66. f5 Rf1 67. Kg5 Rg1 68. g4 Rg2 69. Ra7+ Kf8 70. Kf6 Ke8 71. g5 Rg1 72. g6 1-0

[Event "FICGS class D 000251 email"]
[Site "FICGS email"]
[Date "2019.01.07"]
[Round "1"]
[White "Vellema, Jelle"]
[Black "Erler, Thomas"]
[Result "1-0"]
[WhiteElo "1849"]
[BlackElo "1600"]
[PlyCount "47"]
[EventDate "2019.??.??"]
[EventType "tourn (corr)"]
[EventRounds "6"]
[SourceTitle "Corr 2022"]
[Source "ChessBase"]
[SourceDate "2021.10.24"]
[SourceVersion "1"]
[SourceVersionDate "2021.10.24"]
[SourceQuality "1"]

1. d4 e6 2. Nf3 c5 3. e3 d5 4. c3 Nf6 5. Bd3 Nc6 6. Nbd2 Bd6 7. 0-0 0-0 8. dxc5 Bxc5 9. e4 d4 10. Nb3 Qd6 11. e5 Nxe5 12. Nxe5 Qxe5 13. cxd4 Bxd4 14. Nxd4 Qxd4 15. Bxh7+ Nxh7 16. Qxd4 b6 17. b3 Bb7 18. Bb2 Nf6 19. Rfd1 Bd5 20. Rac1 Rfd8 21. Rc7 Re8 22. Qc3 e5 23. Qg3 e4 24. Bxf6 1-0

[Event "FICGS class C 000296 email"]
[Site "FICGS email"]
[Date "2019.01.05"]
[Round "1"]
[White "Kuliy, Oleksandr"]
[Black "Vellema, Jelle"]
[Result "0-1"]
[WhiteElo "1757"]
[BlackElo "1849"]
[PlyCount "22"]
[EventDate "2019.??.??"]
[EventType "tourn (corr)"]
[EventRounds "1"]
[SourceTitle "Corr 2022"]
[Source "ChessBase"]
[SourceDate "2021.10.24"]
[SourceVersion "1"]
[SourceVersionDate "2021.10.24"]
[SourceQuality "1"]

1. d4 Nf6 2. c4 e6 3. Nf3 d5 4. Nc3 c6 5. Bg5 Be7 6. e3 Nbd7 7. Bd3 0-0 8. 0-0 dxc4 9. Bxc4 Nd5 10. Bxe7 Qxe7 11. e4 N5f6 0-1

[Event "FICGS class D 000248 email"]
[Site "FICGS email"]
[Date "2018.09.09"]
[Round "1"]
[White "Dolzhikov, Aleksandr"]
[Black "Vellema, Jelle"]
[Result "0-1"]
[WhiteElo "1762"]
[BlackElo "1692"]
[PlyCount "34"]
[EventDate "2018.??.??"]
[EventType "tourn (corr)"]
[EventRounds "6"]
[SourceTitle "Corr 2022"]
[Source "ChessBase"]
[SourceDate "2021.10.24"]
[SourceVersion "1"]
[SourceVersionDate "2021.10.24"]
[SourceQuality "1"]

1. d4 d5 2. c4 e6 3. Nc3 Nf6 4. Nf3 c6 5. Bg5 Be7 6. e3 Nbd7 7. Qc2 0-0 8. Bd3 a6 9. cxd5 exd5 10. 0-0-0 h6 11. Bh4 Re8 12. Kb1 Ne4 13. Bxe7 Qxe7 14. Nd2 Nxf2 15. Nf3 Nxh1 16. Rxh1 Nf6 17. Re1 Bd7 0-1

[Event "FICGS class C 000259 email"]
[Site "FICGS email"]
[Date "2018.09.03"]
[Round "1"]
[White "Vellema, Jelle"]
[Black "Vollmer, Steve"]
[Result "0-1"]
[WhiteElo "1692"]
[BlackElo "1792"]
[PlyCount "58"]
[EventDate "2018.??.??"]
[EventType "tourn (corr)"]
[EventRounds "4"]
[SourceTitle "Corr 2022"]
[Source "ChessBase"]
[SourceDate "2021.10.24"]
[SourceVersion "1"]
[SourceVersionDate "2021.10.24"]
[SourceQuality "1"]

1. d4 Nf6 2. Nf3 e6 3. e3 b6 4. Bd3 Bb7 5. Nbd2 Be7 6. 0-0 0-0 7. c3 d5 8. Ne5 c5 9. a3 Nbd7 10. f4 a5 11. Qf3 Qc7 12. Rd1 Nxe5 13. fxe5 Nd7 14. Qh3 f5 15. exf6 Nxf6 16. Qxe6+ Kh8 17. Qh3 Rae8 18. Nf1 Bc8 19. Qg3 Bd6 20. Qh4 Ne4 21. Bxe4 Rxe4 22. Qe1 Bg4 23. Rd2 Qe7 24. dxc5 Bxc5 25. Rxd5 Ref4 26. Ng3 Rf2 27. b4 Bd6 28. Qxf2 Rxf2 29. Kxf2 Qf7+ 0-1

[Event "FICGS class C 000251 email"]
[Site "FICGS email"]
[Date "2018.04.07"]
[Round "1"]
[White "Sharma, Vivek"]
[Black "Vellema, Jelle"]
[Result "0-1"]
[WhiteElo "1700"]
[BlackElo "1621"]
[PlyCount "62"]
[EventDate "2018.??.??"]
[EventType "tourn (corr)"]
[EventRounds "4"]
[SourceTitle "Corr 2022"]
[Source "ChessBase"]
[SourceDate "2021.10.24"]
[SourceVersion "1"]
[SourceVersionDate "2021.10.24"]
[SourceQuality "1"]

1. e4 d5 2. e5 e6 3. d4 c5 4. Nf3 Nc6 5. Nc3 cxd4 6. Nxd4 Nxe5 7. Bf4 Bd6 8. Bxe5 Bxe5 9. Nf3 Bd6 10. Qd4 Nf6 11. 0-0-0 0-0 12. Bd3 a6 13. g4 Qc7 14. Ne2 e5 15. Qe3 e4 16. g5 exd3 17. Rxd3 Ng4 18. Qd4 Bc5 19. Qxd5 Be6 20. Qe4 Nxf2 21. Qh4 Nxd3+ 22. Kb1 Ne5 23. Nxe5 Qxe5 24. Nf4 Qe4 25. Re1 Rad8 26. b3 Ba3 27. Qg3 Qd4 28. Nd3 Bf5 29. Qf4 Qc3 30. Qc4 Qxe1+ 31. Nxe1 Rd1# 0-1

[Event "FICGS class D 000238 email"]
[Site "FICGS email"]
[Date "2017.06.20"]
[Round "1"]
[White "Vellema, Jelle"]
[Black "Pintor, Manuel Abranches"]
[Result "1-0"]
[WhiteElo "1800"]
[BlackElo "1458"]
[PlyCount "99"]
[EventDate "2017.??.??"]
[EventType "tourn (corr)"]
[EventRounds "6"]
[SourceTitle "Corr 2022"]
[Source "ChessBase"]
[SourceDate "2021.10.24"]
[SourceVersion "1"]
[SourceVersionDate "2021.10.24"]
[SourceQuality "1"]

1. d4 d5 2. Nf3 c6 3. e3 Nf6 4. Bd3 Bg4 5. Nbd2 Nbd7 6. c4 e6 7. 0-0 Be7 8. Qb3 Qb6 9. Qxb6 Nxb6 10. Ne5 0-0 11. b3 h6 12. Bb2 Nbd7 13. f4 Nxe5 14. fxe5 Nh7 15. a3 Bg5 16. Rae1 Bh5 17. Bc3 a6 18. Bb4 Rfc8 19. Nf3 b6 20. Nxg5 Nxg5 21. Bd6 b5 22. c5 Ne4 23. Bxe4 dxe4 24. h4 a5 25. Rf4 Bg6 26. Ref1 a4 27. b4 h5 28. g4 Ra7 29. gxh5 Bxh5 30. Rxe4 Kh7 31. Ref4 Rg8 32. R1f2 f5 33. exf6 gxf6+ 34. Kh2 f5 35. Be5 Bg4 36. e4 Rf7 37. d5 cxd5 38. exd5 exd5 39. Rd4 Rd7 40. c6 Re7 41. Rxd5 Rc8 42. c7 Rxe5 43. Rxe5 Rxc7 44. Rxb5 Rc3 45. Rb6 Rxa3 46. Rc2 Kg8 47. Rc7 Ra2+ 48. Kg3 Ra3+ 49. Kf4 Rf3+ 50. Kg5 1-0

[Event "FICGS class C 000243 email"]
[Site "FICGS email"]
[Date "2017.06.17"]
[Round "1"]
[White "Dyson, John"]
[Black "Vellema, Jelle"]
[Result "1-0"]
[WhiteElo "1813"]
[BlackElo "1800"]
[PlyCount "45"]
[EventDate "2017.??.??"]
[EventType "tourn (corr)"]
[EventRounds "4"]
[SourceTitle "Corr 2022"]
[Source "ChessBase"]
[SourceDate "2021.10.24"]
[SourceVersion "1"]
[SourceVersionDate "2021.10.24"]
[SourceQuality "1"]

1. Nf3 Nf6 2. c4 e6 3. Nc3 d5 4. d4 c6 5. g3 Be7 6. Bg2 0-0 7. 0-0 Nbd7 8. Qd3 b6 9. e4 a5 10. e5 Ne8 11. Rd1 Ba6 12. b3 f6 13. exf6 Bxf6 14. Qe2 Nc7 15. Bf4 Re8 16. Rac1 dxc4 17. bxc4 Nd5 18. Bd6 Nb8 19. Ne4 Be7 20. Bxb8 Rxb8 21. Ne5 Qc7 22. Qg4 Nf6 23. Qxe6+ 1-0

[Event "FICGS class C 000243 email"]
[Site "FICGS email"]
[Date "2017.06.17"]
[Round "1"]
[White "Vellema, Jelle"]
[Black "Duttagupta, Aniruddha"]
[Result "0-1"]
[WhiteElo "1800"]
[BlackElo "1786"]
[PlyCount "28"]
[EventDate "2017.??.??"]
[EventType "tourn (corr)"]
[EventRounds "4"]
[SourceTitle "Corr 2022"]
[Source "ChessBase"]
[SourceDate "2021.10.24"]
[SourceVersion "1"]
[SourceVersionDate "2021.10.24"]
[SourceQuality "1"]

1. d4 d5 2. Nf3 Nf6 3. e3 c5 4. Bd3 Nc6 5. c3 Bg4 6. Nbd2 e6 7. 0-0 Bd6 8. Re1 0-0 9. h3 Bh5 10. dxc5 Bxc5 11. e4 Ne5 12. Be2 Bxf3 13. Nxf3 Nxe4 14. Nd4 Qb6 0-1

[Event "FICGS class C 000243 email"]
[Site "FICGS email"]
[Date "2017.06.17"]
[Round "1"]
[White "Vellema, Jelle"]
[Black "Trokenheim, Marek"]
[Result "0-1"]
[WhiteElo "1800"]
[BlackElo "1828"]
[PlyCount "42"]
[EventDate "2017.??.??"]
[EventType "tourn (corr)"]
[EventRounds "4"]
[SourceTitle "Corr 2022"]
[Source "ChessBase"]
[SourceDate "2021.10.24"]
[SourceVersion "1"]
[SourceVersionDate "2021.10.24"]
[SourceQuality "1"]

1. d4 d5 2. Nf3 Nf6 3. e3 e6 4. Bd3 c5 5. Nbd2 c4 6. Be2 b5 7. c3 Bb7 8. Ne5 Bd6 9. f4 Nc6 10. 0-0 Ne7 11. g4 h5 12. f5 hxg4 13. fxe6 fxe6 14. Bxg4 Bxe5 15. dxe5 Qc7 16. Rf4 Qxe5 17. Nf3 Qd6 18. Ng5 Ng6 19. Rf2 Ne5 20. Bxe6 Nd3 21. Rc2 d4 0-1

[Event "FICGS class C 000243 email"]
[Site "FICGS email"]
[Date "2017.06.17"]
[Round "1"]
[White "Ward, David"]
[Black "Vellema, Jelle"]
[Result "1-0"]
[WhiteElo "1845"]
[BlackElo "1800"]
[PlyCount "37"]
[EventDate "2017.??.??"]
[EventType "tourn (corr)"]
[EventRounds "4"]
[SourceTitle "Corr 2022"]
[Source "ChessBase"]
[SourceDate "2021.10.24"]
[SourceVersion "1"]
[SourceVersionDate "2021.10.24"]
[SourceQuality "1"]

1. e4 e6 2. d4 d5 3. Nd2 dxe4 4. Nxe4 Nd7 5. Bd3 Ngf6 6. Qe2 c5 7. Nxf6+ Nxf6 8. dxc5 Bxc5 9. Nf3 0-0 10. Bg5 e5 11. Nxe5 Re8 12. 0-0-0 Qb6 13. Bc4 Be6 14. Bxf6 Bxc4 15. Qxc4 Qxf6 16. Nxf7 Qxf7 17. Qxc5 Qxa2 18. Qd5+ Qxd5 19. Rxd5 1-0